Brawl Stars: Rosa Skins by Picture - Statistics

General Stats
  • This quiz has been taken 22 times
    9 since last reset
  • The average score is 7 of 9
Answer Stats
Picture Answer % Correct
Cheerleader Rosa
100%
Coco Rosa
100%
True Gold Rosa
100%
True Silver Rosa
100%
Mantis Rosa
75%
Brawl-o-ween Rosa
63%
Major Rosa
50%
Sugarplum Rosa
50%
Sunflowerosa
38%
No matching quizzes found
Score Distribution
Percent of People with Each Score
Percentile by Number Answered
Your Score History
You have not taken this quiz since the last reset